000
00297nam a22001337a 4500
005
20251008123320.0
020
_a
9782014015997
041
_a
English
082
_a
440 Q17
100
_a
Hirschsprung Nathalie
245
_a
Cosmopolite 2
260
_a
Delhi
_b
Goyal Publishers
_c
2017
942
_c
CD
999
_c
176319
_d
176319